| 000 | 00537nam a2200217Ia 4500 | ||
|---|---|---|---|
| 008 | 170918s9999 xx 000 0 und d | ||
| 020 | _a9780061974571 | ||
| 050 | _bL868 2011 | ||
| 100 | _aLore, Pittacus | ||
| 245 | 4 | _aThe power of six : | |
| 245 | _bbook two of the Lorien legacies / | ||
| 245 | _cby Pittacus Lore. | ||
| 260 | _aNew York : | ||
| 260 | _bHarper, | ||
| 260 | _c2011 | ||
| 300 | _a406 pages : | ||
| 300 | _billustrateions ; | ||
| 300 | _c20cm. | ||
| 300 | _eLorien legacies novel series. | ||
| 500 | _a840 | ||
| 999 |
_c344288 _d344288 |
||